An introduction to database systems / (Record no. 2569)

MARC details
000 -LEADER
fixed length control field 00558cam a2200193 4500
001 - CONTROL NUMBER
control field 3182
005 - DATE AND TIME OF LATEST TRANSACTION
control field 20181127170647.0
008 - FIXED-LENGTH DATA ELEMENTS--GENERAL INFORMATION
fixed length control field 030529s2004 maua b 001 0 eng
010 ## - LIBRARY OF CONGRESS CONTROL NUMBER
LC control number 2003052442
020 ## - INTERNATIONAL STANDARD BOOK NUMBER
International Standard Book Number 9788177585568
100 1# - MAIN ENTRY--PERSONAL NAME
Personal name Date, C. J.
245 13 - TITLE STATEMENT
Title An introduction to database systems /
Statement of responsibility, etc. C.J. Date.
246 30 - VARYING FORM OF TITLE
Title proper/short title Database systems
250 ## - EDITION STATEMENT
Edition statement 8th ed.
260 ## - PUBLICATION, DISTRIBUTION, ETC.
Place of publication, distribution, etc. Noida :
Name of publisher, distributor, etc. Dorling Kindersley,
Date of publication, distribution, etc. 2012.
300 ## - PHYSICAL DESCRIPTION
Extent xxxii, 929 :
Other physical details ill. ;
Dimensions 24 cm.
504 ## - BIBLIOGRAPHY, ETC. NOTE
Bibliography, etc. note Includes bibliographical references and index.
650 #0 - SUBJECT ADDED ENTRY--TOPICAL TERM
Topical term or geographic name entry element Database management.
Holdings
Withdrawn status Lost status Source of classification or shelving scheme Damaged status Not for loan Collection code Home library Current library Shelving location Serial Enumeration / chronology Inventory number Total Checkouts Full call number Barcode Date last seen Copy number Price effective from Koha item type
    Dewey Decimal Classification     Main TEST RTC Library RTC Library Main opac 5569   005.7 DAT 30002338 27/11/2018 1 27/11/2018 Main
    Dewey Decimal Classification     Main TEST RTC Library RTC Library Main opac 5718   005.7 DAT 30006088 27/11/2018 2 27/11/2018 Main
Royal Thimphu College || All Right Reserved